[Event "CUB-ch U18 Girls"]
[Site "Pinar del Rio"]
[Date "2019.06.30"]
[Round "4"]
[White "Vieites Santana, Daniela Ines"]
[Black "Nieto Rego, Ana"]
[Result "1-0"]
[WhiteElo "1828"]
[BlackElo "1919"]
[PlyCount "53"]
[EventDate "2019.06.28"]
[EventType "swiss"]
[EventRounds "9"]
[EventCountry "CUB"]
[SourceTitle "CBM 195 Extra"]
[Source "ChessBase"]
[SourceDate "2020.05.31"]
[SourceVersion "1"]
[SourceVersionDate "2020.05.31"]
[SourceQuality "1"]

1. e4 c5 2. Nc3 Nc6 3. f4 g6 4. Bc4 Bg7 5. Nf3 e6 6. 0-0 Nge7 7. d3 0-0 8. Qe1 Nd4 9. Nxd4 cxd4 10. Ne2 d5 11. Bb3 dxe4 12. dxe4 Qb6 13. Kh1 Bd7 14. Qh4 Rfe8 15. f5 exf5 16. Bg5 Qc5 17. Rf3 Be6 18. Rh3 h5 19. Bxe6 fxe6 20. Nf4 Qd6 21. Rg3 e5 22. Nxh5 f4 23. Nxg7 fxg3 24. Nxe8 Rxe8 25. Bf6 gxh2 26. Rf1 Qa6 27. Rf3 1-0

[Event "CUB-ch U18 Girls"]
[Site "Pinar del Rio"]
[Date "2019.06.28"]
[Round "1"]
[White "Nieto Rego, Ana"]
[Black "Obregon Garcia, Roxangel"]
[Result "1/2-1/2"]
[WhiteElo "1919"]
[BlackElo "2322"]
[PlyCount "77"]
[EventDate "2019.06.28"]
[EventType "swiss"]
[EventRounds "9"]
[EventCountry "CUB"]
[SourceTitle "CBM 195 Extra"]
[Source "ChessBase"]
[SourceDate "2020.05.31"]
[SourceVersion "1"]
[SourceVersionDate "2020.05.31"]
[SourceQuality "1"]

1. e4 c5 2. Nf3 Nc6 3. d4 cxd4 4. Nxd4 Nf6 5. Nc3 d6 6. Bg5 e6 7. Be2 Qa5 8. Bxf6 gxf6 9. Qd2 a6 10. a3 h5 11. f4 Bd7 12. 0-0-0 Rc8 13. Nb3 Qc7 14. Rhf1 b5 15. Na2 Qb6 16. Kb1 a5 17. Nd4 b4 18. axb4 Nxb4 19. Nxb4 axb4 20. Nb3 e5 21. g3 Be6 22. Rf3 Qb7 23. Re3 Qb6 24. Rf3 Rc6 25. Rdf1 Bh6 26. Qd1 Ke7 27. Qe1 Rhc8 28. Bd1 exf4 29. gxf4 Bc4 30. R1f2 Qa6 31. e5 Ra8 32. exd6+ Kxd6 33. Qxb4+ Kc7 34. Qe7+ Kc8 35. Rg2 Bg5 36. Qe8+ Kc7 37. Qe7+ Kc8 38. Qe8+ Kc7 39. Qe7+ 1/2-1/2

[Event "CUB Province-chT Schools 54th"]
[Site "Santa Clara"]
[Date "2018.07.16"]
[Round "8.3"]
[White "Tornes Rosquet, Ingry"]
[Black "Nieto Rego, Ana"]
[Result "0-1"]
[WhiteElo "1574"]
[BlackElo "2009"]
[PlyCount "82"]
[EventDate "2018.07.13"]
[EventType "team-swiss"]
[EventRounds "9"]
[EventCountry "CUB"]
[SourceTitle "CBM 195 Extra"]
[Source "ChessBase"]
[SourceDate "2020.05.31"]
[SourceVersion "1"]
[SourceVersionDate "2020.05.31"]
[SourceQuality "1"]
[WhiteTeam "Artemisa"]
[BlackTeam "La Habana"]
[WhiteTeamCountry "CUB"]
[BlackTeamCountry "CUB"]

1. e4 c5 2. Nc3 Nc6 3. g3 g6 4. Bg2 Bg7 5. Nge2 e5 6. d3 d6 7. 0-0 Nge7 8. Nd5 0-0 9. Be3 f5 10. c3 Be6 11. Qb3 Qd7 12. f4 fxe4 13. dxe4 Na5 14. Qc2 Nxd5 15. exd5 Bf5 16. Be4 Bxe4 17. Qxe4 Qb5 18. Bc1 Rae8 19. a4 Qa6 20. Qg2 e4 21. g4 Qd3 22. f5 Qxd5 23. Nf4 Qc4 24. fxg6 hxg6 25. Nxg6 Rxf1+ 26. Qxf1 e3 27. Qxc4+ Nxc4 28. Kf1 Re6 29. Nh4 e2+ 30. Ke1 Ne5 31. Kxe2 Ng6+ 32. Kf2 Nxh4 33. Bg5 Ng6 34. h4 Ne5 35. Kg3 Nd3 36. h5 Nxb2 37. Rb1 Bxc3 38. Bh4 Re1 39. Rxe1 Bxe1+ 40. Kh3 Bxh4 41. Kxh4 c4 0-1

[Event "CUB-ch U18 Girls"]
[Site "San Nicolas de Bari"]
[Date "2018.06.15"]
[Round "5"]
[White "Nieto Rego, Ana"]
[Black "Fernandez Bustamante, Leancy B"]
[Result "0-1"]
[WhiteElo "1853"]
[BlackElo "2037"]
[PlyCount "88"]
[EventDate "2018.06.13"]
[EventType "swiss"]
[EventRounds "9"]
[EventCountry "CUB"]
[SourceTitle "EXT 2021"]
[Source "ChessBase"]
[SourceDate "2020.10.23"]
[SourceVersion "1"]
[SourceVersionDate "2020.10.23"]
[SourceQuality "1"]

1. e4 c5 2. Nf3 d6 3. d4 cxd4 4. Nxd4 Nf6 5. Nc3 a6 6. f3 e5 7. Nb3 Be6 8. Be3 h5 9. Be2 Nbd7 10. 0-0 Qc7 11. Kh1 Nb6 12. Bxb6 Qxb6 13. Nd5 Bxd5 14. exd5 g6 15. c4 Bh6 16. Bd3 h4 17. Qe1 Nh5 18. c5 Qd8 19. Rf2 Bf4 20. Rc2 Ng3+ 21. Kg1 Qg5 22. cxd6 Be3+ 23. Rf2 Nh5 24. Kh1 Bxf2 25. Qxf2 0-0 26. Nc5 Nf4 27. Bf1 Nxd5 28. Nxb7 Rfb8 29. Qc5 Rxb7 30. Qxd5 Rab8 31. b3 Rd7 32. Qc6 Qd8 33. Qe4 Rxd6 34. Qxe5 Rc8 35. Qe1 Qf6 36. Bc4 Rcd8 37. Rb1 Rd2 38. a4 h3 39. Bf1 hxg2+ 40. Bxg2 Qf5 41. Rc1 Qg5 42. Bf1 Qf4 43. Bg2 Rxg2 44. Kxg2 Rd2+ 0-1

[Event "Maria Teresa Mora Memorial op"]
[Site "Havana"]
[Date "2018.??.??"]
[Round "6"]
[White "Interian Rodriguez, Alberto de Dios"]
[Black "Nieto Rego, Ana"]
[Result "1-0"]
[WhiteElo "2063"]
[BlackElo "1941"]
[PlyCount "67"]
[EventDate "2018.03.08"]
[EventType "swiss"]
[EventRounds "9"]
[EventCountry "CUB"]
[SourceTitle "EXT 2021"]
[Source "ChessBase"]
[SourceDate "2020.10.23"]
[SourceVersion "1"]
[SourceVersionDate "2020.10.23"]
[SourceQuality "1"]

1. d4 Nf6 2. Nf3 e6 3. e3 b6 4. Bd3 Bb7 5. c4 d5 6. 0-0 Be7 7. Nc3 0-0 8. b3 c5 9. cxd5 exd5 10. Bb2 Nc6 11. Ne2 Ne4 12. Rc1 Bf6 13. a3 Qe7 14. Ng3 g6 15. Re1 Bg7 16. Nd2 f5 17. Ne2 g5 18. f3 Nd6 19. Nf1 Qf7 20. Qc2 cxd4 21. Nxd4 Ne5 22. Be2 Ng6 23. a4 f4 24. Bd3 Nh4 25. Bxh7+ Kh8 26. Bd3 Rac8 27. Qd2 Rce8 28. Qb4 Ndf5 29. exf4 Nxd4 30. Bxd4 gxf4 31. Nd2 Rg8 32. Kh1 Rxe1+ 33. Rxe1 Bf6 34. Re7 1-0

[Event "Havana Gilberto Garcia Memorial Girls"]
[Site "Havana"]
[Date "2018.??.??"]
[Round "8"]
[White "Nieto Rego, Ana"]
[Black "Martinez Mesa, Chaneli"]
[Result "1-0"]
[WhiteElo "1974"]
[BlackElo "1812"]
[PlyCount "65"]
[EventDate "2018.03.29"]
[EventType "tourn"]
[EventRounds "9"]
[EventCountry "CUB"]
[SourceTitle "EXT 2021"]
[Source "ChessBase"]
[SourceDate "2020.10.23"]
[SourceVersion "1"]
[SourceVersionDate "2020.10.23"]
[SourceQuality "1"]

1. e4 e6 2. d4 d5 3. Nc3 Nf6 4. e5 Nfd7 5. f4 c5 6. Nf3 Nc6 7. Be3 a6 8. Qd2 b5 9. a3 Qb6 10. Qf2 Bb7 11. Bd3 cxd4 12. Nxd4 Nxd4 13. Bxd4 Bc5 14. Ne2 Bxd4 15. Nxd4 Nc5 16. 0-0 Ne4 17. Qe3 0-0 18. c3 Rac8 19. Bc2 Rfe8 20. Rf3 Qc7 21. Rh3 f5 22. exf6 gxf6 23. Bxe4 dxe4 24. f5 Bd5 25. Qh6 Qf7 26. Rd1 Rc7 27. fxe6 Bxe6 28. Rg3+ Kh8 29. Rf1 f5 30. Qf4 Bc4 31. Re1 Rc5 32. Rg5 Rf8 33. g4 1-0